El niño de 5 a 10 años /
Guardado en:
| Autor Principal: | |
|---|---|
| Otros Autores: | |
| Formato: | Libro |
| Publicado: |
Buenos Aires :
Paidos,
1960
|
| Materias: | |
| Etiquetas: |
Agregar Etiqueta
Sin Etiquetas, Sea el primero en etiquetar este registro!
|
| LEADER | 00903nam a22002295a 4500 | ||
|---|---|---|---|
| 001 | CEM.cems002855 | ||
| 005 | 20060222000000.0 | ||
| 008 | 130507s1960##################000#0#####d | ||
| 003 | CEMS | ||
| 082 | 0 | 4 | |a 136.7 |
| 100 | 1 | |a Gesell, Arnold | |
| 245 | 1 | 0 | |a El niño de 5 a 10 años / |c Arnold Gesell |
| 260 | |a Buenos Aires : |b Paidos, |c 1960 | ||
| 300 | |a 401 p. | ||
| 505 | 0 | |a De 5 a 9 anos: Llanto; Autoafirmacion y colera; La estructuracion de la emocion; Temores y suenos; Juegos y pasatiempos; De 10 a 16 anos: Las emociones; Juegos, deporte, cine, teatro, musica, television; BIBLIOGRAFIA: pp. 141-145. | |
| 653 | |a Niños-conducta | ||
| 653 | |a Psicologia del niño-5 a 10 año | ||
| 653 | |a Psicologia evolutiva | ||
| 653 | |a Psicopedagogia | ||
| 700 | 1 | |a Ilg, F. L. | |
| 859 | |a CEMS |b BIB. CEMS - 11 de abril |h 136.7 |i G33-1 |p 488.73 |t Ej.1 | ||
| 859 | |a CEMS |b BIB. CEMS - 11 de abril |h 136.7 |i G33-1 |p 601.73 |t Ej.2 | ||
